|
|
|
|
| LEADER |
00000cam a2200000 7i4500 |
| 001 |
0000000218 |
| 008 |
021118s1992 |
| 090 |
0 |
0 |
|a JS7520
|b .I27 1992
|
| 100 |
0 |
|
|a ابن تيمية، احمد بن عبد الحليم
|d 1263-1328
|e author
|
| 245 |
1 |
2 |
|a الحسبة فى الاسلام او وظيفة الحكومة الاسلامية
|c ابن تيمية
|f تحقيق ابراهيم رمضان
|
| 260 |
2 |
|
|a Bayrut
|b Dar al-Fikr
|c 1992
|
| 300 |
|
|
|a 103 p.
|c 24 cm
|
| 650 |
|
0 |
|a Muhtasib
|
| 700 |
1 |
|
|a رمضان, ابراهيم
|e author
|
| 745 |
0 |
3 |
|a al-Hisbah fi al-Islam, aw wazifat al-hukumah al-Islamiyah
|
| 999 |
|
|
|a 1000069945
|b Book
|c OPEN SHELF (30 DAYS)
|e Gong Badak Campus
|